| 000 | 00641cam a22002173a 4500 | ||
|---|---|---|---|
| 001 | 35136 | ||
| 003 | PGUSA | ||
| 005 | 20140828083746.0 | ||
| 008 | 110131s2011||||xxu|||||s|||||000 | eng d | ||
| 040 |
_aPGUSA _beng |
||
| 042 | _adc | ||
| 100 | 1 | _aWarner, Frances Lester | |
| 245 | 1 | 0 |
_aPilgrim Trails : _bA Plymouth-to-Provincetown Sketchbook _h[electronic resource] / _cFrances Lester Warner |
| 260 |
_bProject Gutenberg, _c2011 |
||
| 506 | _aPublic domain in the USA. | ||
| 516 | _aElectronic text | ||
| 700 | 1 | _aWhite, E. Scott | |
| 830 | 0 |
_aProject Gutenberg _v35136 |
|
| 856 | 4 | 0 | _uhttp://www.gutenberg.org/ebooks/35136 |
| 942 | _cEB | ||
| 999 |
_c264391 _d264391 |
||